Gabon : beyond the colonial legacy /

Podrobná bibliografie
Hlavní autor: Barnes, James Franklin, 1934-
Médium: Kniha
Jazyk:English
Vydáno: Boulder : Westview Press, 1992.
Edice:Westview profiles.
Témata:
Classic Catalogue: View this record in Classic Catalogue
LEADER 00943nam a2200265 a 4500
001 5702
003 BD-DhAAL
005 20150523110541.0
008 150523s1992 couab b 001 0 eng
010 |a  91046627  
020 |a 081330430X 
040 |a DLC  |c DLC  |d DLC  |d BD-DhAAL 
050 0 0 |a DT546.18  |b .B37 1992 
082 0 0 |a 967.2104  |2 20 
100 1 |a Barnes, James Franklin,  |d 1934-  |9 11306 
245 1 0 |a Gabon :  |b beyond the colonial legacy /  |c James F. Barnes. 
260 |a Boulder :  |b Westview Press,  |c 1992. 
300 |a xii, 163 p. :  |b ill., maps ;  |c 24 cm. 
490 |a Westview profiles. 
504 |a Includes bibliographical references (p. 145-148) and index. 
541 |e 5702 
651 0 |a Gabon  |x History  |y 1960-  |9 11307 
942 |2 ddc  |c BK 
999 |c 34487  |d 34487 
952 |0 0  |1 0  |2 ddc  |4 0  |6 967_210400000000000_BAR  |7 0  |9 53831  |a SCL  |b SCL  |c GEN  |d 2015-05-23  |e Gift: The Asia Foundation  |l 0  |o 967.2104 BAR  |p 3020005702  |r 2015-05-23  |t 1  |w 2015-05-23  |y BK